000 00861nam a2200265 i 4500
001 47465
003 ES-MaACL
005 20231023194505.0
007 t|
008 030428s2002 sp ||||0| spa j
020 _a84-7426-571-1
040 _aM-BN
_bspa
_cM-BN
080 _a364.444(100-773):616-058.5
245 0 0 _aExclusión social y salud
_b: balance y perspectivas /
_cPilar Estébanez (ed.).
250 _a1ª ed.
260 _aBarcelona :
_bIcaria,
_c2002.
300 _a262 p. :
_bgráf. ;
_c22 cm.
490 1 _aIcaria antrazyt. Análisis contemporáneo
504 _aBibliografía.
650 1 4 _aMarginados sociales-
_xAsistencia sanitaria-
_zPaíses desarrollados.
_914778
700 1 _aEstébanez, Pilar.
_948083
830 0 _aIcaria antrazyt
_9177286
852 _aES-MaACL
_jL-26225
_bR.131622
999 _c47465
_d47465